| 000 | 00000nam 2200000za 4500 |
| 001 | 9.630871 |
| 003 | CaOODSP |
| 005 | 20251103144953 |
| 007 | cr ||||||||||| |
| 008 | 150407s2002 onc #o f000 0 fre d |
| 040 | |aCaOODSP|bfre |
| 043 | |an-cn--- |
| 086 | 1 |aJ2-189/2002F-IN |
| 086 | 1 |aJ2-251/2002F-PDF |
| 245 | 00|aMariage et reconnaissance des unions de conjoints de même sexe |h[ressource électronique] : |bdocument de travail. |
| 260 | |a[Ottawa] : |bMinistère de la justice Canada, |c2002. |
| 300 | |a31 p. |
| 500 | |a« Novembre 2002 » |
| 590 | |a02-50|a07-04-Supp |
| 691 | 07|aCouple de même sexe|2gcpds |
| 691 | 07|aMariage|2gcpds |
| 691 | 07|aUnion de fait|2gcpds |
| 710 | 1 |aCanada. |bMinistère de la justice. |
| 775 | 08|tMarriage and legal recognition of same-sex unions |w(CaOODSP)9.686399 |
| 776 | 0#|tMarriage and legal recognition of same-sex unions : |w(CaOODSP)9.665133 |
| 776 | 0#|tMariage et reconnaissance des unions de conjoints de même sexe : |w(CaOODSP)9.665134 |
| 856 | 40|ahttp://publications.gc.ca|qPDF|s273 Ko|uhttps://publications.gc.ca/collections/Collection/J2-189-2002F.pdf |
| 856 | 40|qPDF|s273 Ko|uhttps://publications.gc.ca/collections/Collection/J2-251-2002F.pdf |